[Event "AUTO-ADV-4833"]
[Site "http://www.queenalice.com/game.php?id=1849063"]
[Date "2024.12.19"]
[Round "1"]
[White "Prola2020"]
[Black "Daniel1962"]
[Result "0-1"]
[WhiteElo "1665"]
[BlackElo "1709"]

1. e4 e5 2. Nf3 d6 3. d4 Nc6 4. Be3 Bg4 5. dxe5 Nxe5 6. Be2 Nxf3+ 7. Bxf3 Bxf3
8. gxf3 Nf6 9. Nc3 c5 10. Qd2 Qb6 11. O-O-O a5 12. Kb1 a4 13. Rhg1 a3 14. b3 Qb4
15. Nd5 Qxd2 16. Rxd2 Nxd5 17. Rxd5 b5 18. Bf4 g6 19. Bxd6 Bxd6 20. Rxd6 O-O 21.
Rgd1 b4 22. Rc6 Ra5 23. Rd5 f5 24. e5 f4 25. c3 bxc3 0-1

[Event "AUTO-ADV-4833"]
[Site "http://www.queenalice.com/game.php?id=1849068"]
[Date "2024.12.19"]
[Round "1"]
[White "Charles56"]
[Black "Prola2020"]
[Result "0-1"]
[WhiteElo "1749"]
[BlackElo "1846"]

1. e4 e6 2. d4 d5 3. e5 c5 4. dxc5 Bxc5 5. Nc3 Nc6 6. h3 Nxe5 7. Bb5+ Bd7 8.
Bxd7+ Qxd7 9. Nf3 Nxf3+ 10. Qxf3 Ne7 11. a3 O-O 12. Be3 d4 13. O-O-O Rac8 14.
Nb1 Ng6 15. Bd2 Rfd8 16. b3 d3 17. c3 a5 18. g3 a4 19. b4 Ne5 20. Qg2 Bd4 21.
Qe4 f5 22. Qf4 Qd5 23. Be3 Qa2 24. Bxd4 Qc2# 0-1

[Event "AUTO-ADV-4833"]
[Site "http://www.queenalice.com/game.php?id=1849069"]
[Date "2024.12.19"]
[Round "1"]
[White "Prola2020"]
[Black "Charles56"]
[Result "1-0"]
[WhiteElo "1815"]
[BlackElo "1724"]

1. e4 e5 2. Nf3 d6 3. d4 exd4 4. Nxd4 Nf6 5. Nc3 Bg4 6. Be2 Bxe2 7. Qxe2 Qd7 8.
O-O h6 9. Be3 Nc6 10. Rad1 Nxd4 11. Bxd4 Be7 12. e5 Ng4 13. exd6 cxd6 14. Nd5 h5
15. Bxg7 Rg8 16. Nf6+ 1-0

[Event "AUTO-ADV-4836"]
[Site "http://www.queenalice.com/game.php?id=1849688"]
[Date "2025.1.2"]
[Round "1"]
[White "Prola2020"]
[Black "Nino75"]
[Result "0-1"]
[WhiteElo "1711"]
[BlackElo "1906"]

1. Nf3 Nf6 2. d4 g6 3. Bf4 Bg7 4. e3 d6 5. Bd3 Nh5 6. c3 Nxf4 7. exf4 O-O 8.
Nbd2 e5 9. fxe5 Bg4 10. Be4 Nc6 0-1

[Event "AUTO-ADV-4836"]
[Site "http://www.queenalice.com/game.php?id=1849701"]
[Date "2025.1.2"]
[Round "1"]
[White "Prola2020"]
[Black "Charles56"]
[Result "0-1"]
[WhiteElo "1874"]
[BlackElo "1778"]

1. e4 e5 2. Nf3 d6 3. d4 exd4 4. Nxd4 a6 5. c4 h6 6. Nc3 Nf6 7. Be2 Bd7 8. O-O
Nc6 9. b3 Nxd4 10. Qxd4 Bc6 11. Rd1 Qd7 12. Bb2 Qe6 13. Nd5 Bxd5 14. exd5 Qe4
15. Bd3 Qxd4 16. Bxd4 Be7 17. Rac1 c5 18. dxc6 bxc6 19. Re1 Kd8 20. Re2 c5 21.
Bb2 Ra7 22. Bc3 a5 23. Rce1 Nh5 24. Bxa5+ Rxa5 25. Rxe7 Rf8 26. Bf5 Nf6 27. Rb7
Ra8 28. Rd1 Ra6 0-1

[Event "AUTO-ADV-4836"]
[Site "http://www.queenalice.com/game.php?id=1849702"]
[Date "2025.1.2"]
[Round "1"]
[White "Charles56"]
[Black "Prola2020"]
[Result "1-0"]
[WhiteElo "1798"]
[BlackElo "1854"]

1. e4 e6 2. e5 d5 3. d4 c5 4. dxc5 Bxc5 5. Nf3 Qb6 6. Qd2 Nc6 7. a3 Nd4 8. Nxd4
Bxd4 9. f4 Bxb2 10. Bxb2 Qxb2 11. Qc3 Qxc3+ 12. Nxc3 Bd7 13. Nb5 Bxb5 14. Bxb5+
Kd8 15. c4 a6 16. Ba4 Ne7 17. c5 Rc8 18. Rc1 b5 19. Bb3 Nc6 20. Kf2 Ke7 21. g4
Rc7 22. Ke3 Na5 23. Ba2 Rhc8 24. Kd4 Nc4 25. f5 Rxc5 26. f6+ 1-0

[Event "AUTO-ADV-4836"]
[Site "http://www.queenalice.com/game.php?id=1849703"]
[Date "2025.1.2"]
[Round "1"]
[White "Prola2020"]
[Black "Capixabba789"]
[Result "0-1"]
[WhiteElo "1613"]
[BlackElo "1846"]

1. Nf3 d6 2. d4 Nc6 3. Bf4 Bf5 4. c3 Nf6 5. e3 e6 6. h3 Ne4 7. Nbd2 Be7 8. Nxe4
Bxe4 9. Bd3 d5 10. O-O Bxd3 0-1

[Event "AUTO-OPEN-4568"]
[Site "http://www.queenalice.com/game.php?id=1849841"]
[Date "2025.1.5"]
[Round "1"]
[White "SGF"]
[Black "Prola2020"]
[Result "1-0"]
[WhiteElo "1671"]
[BlackElo "1820"]

1. e4 e6 2. Qf3 d5 3. d4 dxe4 4. Qxe4 Qd5 5. Qxd5 exd5 6. Nc3 Bb4 7. a3 Bxc3+ 8.
bxc3 Nf6 9. f3 Bf5 10. g4 Bxc2 11. Bf4 c6 12. h4 h6 13. g5 hxg5 14. Bxg5 Nbd7
15. Ra2 Bf5 16. Re2+ Kf8 17. Bh3 Bxh3 18. Nxh3 Re8 19. Nf4 Nh7 20. Rxe8+ 1-0

[Event "AUTO-OPEN-4568"]
[Site "http://www.queenalice.com/game.php?id=1849842"]
[Date "2025.1.5"]
[Round "1"]
[White "Prola2020"]
[Black "SGF"]
[Result "0-1"]
[WhiteElo "1798"]
[BlackElo "1693"]

1. e4 e5 2. Nf3 Qf6 3. d4 d6 4. dxe5 dxe5 5. Bg5 Qd6 6. Nc3 f6 7. Qxd6 Bxd6 8.
Be3 Bb4 9. Bc4 c6 10. h3 g5 11. a3 Bxc3+ 12. bxc3 b5 13. Be2 g4 14. Ng1 gxh3 15.
Nxh3 h5 16. f4 a5 17. Nf2 h4 18. fxe5 fxe5 19. O-O-O Nf6 20. Bg5 Kf7 0-1

[Event "AUTO-OPEN-4568"]
[Site "http://www.queenalice.com/game.php?id=1849863"]
[Date "2025.1.5"]
[Round "1"]
[White "Prola2020"]
[Black "bmax"]
[Result "0-1"]
[WhiteElo "1624"]
[BlackElo "2278"]

1. Nf3 d5 2. d4 c6 3. Bf4 Bg4 4. Ne5 Bf5 5. Nc3 e6 6. g4 Bg6 7. h4 h6 8. Nxg6
fxg6 9. Qd3 Nd7 10. Qxg6+ Ke7 11. Bh3 Qe8 0-1

[Event "AUTO-OPEN-4568"]
[Site "http://www.queenalice.com/game.php?id=1849864"]
[Date "2025.1.5"]
[Round "1"]
[White "bmax"]
[Black "Prola2020"]
[Result "1-0"]
[WhiteElo "2279"]
[BlackElo "1622"]

1. d4 Nf6 2. Bf4 d6 3. e3 g6 4. Nf3 Bg7 5. c3 O-O 6. Nbd2 Nbd7 7. Be2 b6 8. a4
Nh5 9. Bg5 h6 10. Bh4 Bb7 11. O-O 1-0

[Event "AUTO-OPEN-4568"]
[Site "http://www.queenalice.com/game.php?id=1849865"]
[Date "2025.1.5"]
[Round "1"]
[White "Prola2020"]
[Black "delphicoracle"]
[Result "0-1"]
[WhiteElo "1722"]
[BlackElo "2620"]

1. e4 c6 2. d4 d5 3. Nc3 dxe4 4. Nxe4 Nd7 5. Nf3 Ngf6 6. Ng3 e6 7. c3 c5 8. Bb5
a6 9. Be2 Qc7 10. O-O b6 11. Ne5 Bb7 12. Nxd7 Qxd7 0-1

[Event "AUTO-OPEN-4568"]
[Site "http://www.queenalice.com/game.php?id=1849866"]
[Date "2025.1.5"]
[Round "1"]
[White "delphicoracle"]
[Black "Prola2020"]
[Result "1-0"]
[WhiteElo "2617"]
[BlackElo "1724"]

1. d4 Nf6 2. Bg5 c5 3. Bxf6 exf6 4. dxc5 Bxc5 5. e3 O-O 6. Nd2 d5 7. Nb3 Bb6 8.
c3 f5 9. g3 Be6 10. Bg2 a5 11. a4 1-0

[Event "AUTO-ADV-4838"]
[Site "http://www.queenalice.com/game.php?id=1850044"]
[Date "2025.1.9"]
[Round "1"]
[White "Prola2020"]
[Black "altair"]
[Result "0-1"]
[WhiteElo "1651"]
[BlackElo "1694"]

1. e4 e5 2. Nf3 d6 3. d4 Nc6 4. dxe5 Nxe5 5. Nxe5 dxe5 6. Qxd8+ Kxd8 7. Bc4 Be6
8. Bxe6 fxe6 9. Be3 Nf6 10. f3 Bd6 11. Nc3 Kd7 12. O-O-O a6 0-1

[Event "AUTO-ADV-4838"]
[Site "http://www.queenalice.com/game.php?id=1850045"]
[Date "2025.1.9"]
[Round "1"]
[White "altair"]
[Black "Prola2020"]
[Result "1-0"]
[WhiteElo "1708"]
[BlackElo "1637"]

1. e4 d6 2. d4 g6 3. d5 Bg7 4. Qd2 e5 5. Nf3 Nf6 6. Nc3 O-O 7. h3 Nbd7 8. Bd3 c6
9. O-O cxd5 10. exd5 Nc5 11. Qe2 e4 12. Bxe4 1-0